• 首页
  • 本馆介绍
  • 公告通知
  • 最新文献
  • 馆藏检索
  • 电子资源
  • 读者导购
  • 参考咨询
  • 我的图书馆
  • 登录
  • 详细信息显示
  • 放入我的书架
  • 预约/预借图书
  • 作者相关作品
  • 分类相关作品
  • 丛书相关作品
  • 出版社相关作品

书目信息

  • 表格格式
  • 工作单格式
  • 卡片格式
题名:
花卉与庭园摄影
    
 
作者: 迈高·巴塞尔 著 ;隋梅 译
分册:  
出版信息: 上海   上海书画出版社  1999.12
页数: 130页
开本: 16开
丛书名: 摄影佳作解构
单 册:
中图分类: J419.5
科图分类:
主题词: 摄影技术--普及读物 , 摄影艺术--各种
电子资源:
ISBN: 7-80635-536-7
000 00707nam0 2200241 45
001 0201251002
005 20031219104052.8
010    @a7-80635-536-7@dCNY68.00
100    @a20020125d1999 km y0chiy0120 ea
101 0  @achi
105    @a z 000yy
200 1  @a花卉与庭园摄影@AHua Hui Yu Ting Yuan She Ying@f迈高·巴塞尔著@FMai Gao·Ba Sai Er Zhu@g隋梅译
210    @a上海@c上海书画出版社@d1999.12
215    @a130页@d16开
225    @a摄影佳作解构
410    @12001 @a摄影佳作解构
606 0  @a摄影技术@x普及读物
606 0  @a摄影艺术@x各种
690    @aJ419.5@v4
701  0 @a迈高·巴塞尔@4著
702  0 @a隋梅@ASui Mei@4译
801    @aCN@bTSTC@c20020125
905    @f5@b304311-315@dJ419.5@e127
    
    花卉与庭园摄影/迈高·巴塞尔著/隋梅译.-上海:上海书画出版社,1999.12
    130页;16开.-(摄影佳作解构)
    
    
    ISBN 7-80635-536-7:CNY68.00
    
●
相关链接 在E读中查询图书 在五车中查询图书 在当当中查询图书 在豆瓣中查询图书


正题名:花卉与庭园摄影     索取号:J419.5/127         预约/预借

序号 登录号 条形码 馆藏地/架位号 状态 备注
1 0304311   203043116   第一借阅区/ [索取号:J419.5/127] 在馆    
2 0304313   203043134   第一借阅区/ [索取号:J419.5/127] 在馆    
3 0304314   203043143   第一借阅区/ [索取号:J419.5/127] 在馆    
4 0304315   203043152   第一样本阅览室/ [索取号:J419.5/127] 在馆    
唐山师范学院图书馆 欢迎您!
大连网信软件有限公司© 版权所有